Normal view
MARC view
Entry Personal Name
001 - CONTROL NUMBER
- control field: 23829
003 - CONTROL NUMBER IDENTIFIER
- control field: ARRUPE
005 - DATE AND TIME OF LATEST TRANSACTION
- control field: 20160414152324.0
008 - FIXED-LENGTH DATA ELEMENTS
- fixed length control field: 160414|| aca||aabn | a|a d
040 ## - CATALOGING SOURCE
- Original cataloging agency: ARRUPE
- Transcribing agency: ARRUPE
100 ## - HEADING--PERSONAL NAME
- Personal name: Hazleton, Lesley
670 ## - SOURCE DATA FOUND
- Source citation: Work cat.: (ARRUPE): Hazleton, Lesley, After the prophet: the epic story of the Shia-Sunni Split In Islam, 2009